Statistics for Apollo 11

Click here to take the quiz!

General Stats

  • This quiz has been taken 28 times
  • The average score is 11 of 18

Answer Stats

Hint Answer % Correct
Who was the first person to step on the Moon?Neil Armstrong
82%
What was the call sign of the lunar module?Eagle
82%
Where did the lunar module land?Sea of Tranquility
82%
Who was the second?Buzz Aldrin
82%
What rocket launched Apollo 11 to the moon?Saturn V
76%
--- ------ ---- for mankindone giant leap
76%
That's ---- ----- ---- for (a) manone small step
76%
Who was the first person to place a telephone call to the Moon?President Richard Nixon
71%
Who accompanied the above to the moon, but stayed in lunar orbit?Michael Collins
71%
What day did Apollo 11 launch?July 16, 1969
65%
What was the call sign of the command module?Columbia
59%
What day did the lunar module land?July 20, 1969
53%
What day did the command module splash down?July 24, 1969
53%
Where did the above rocket lift off from?Cape Kennedy
41%
Where specifically is the command module today?Air and Space Museum, Washington D.C.
41%
What is the above called today?Cape Canaveral
35%
What was the name of the ship that recovered the crew upon splashdown?U.S.S. Hornet
24%
What were the first words spoken from the surface of the moon (before the moonwalk)?Houston, Tranquility Base here. The Eagle has landed.
12%

Score Distribution

Percentile by Number Answered

Percent of People with Each Score

Your Score History

You have not taken this quiz